| Tag |
First Indicator |
Second Indicator |
Subfields |
| LEADER |
00000nam a2200000Ia 4500 |
| 001 |
in00004333821 |
| 005 |
20200812093221.0 |
| 006 |
m g d |
| 007 |
cr bn |||a|bb| |
| 008 |
051129q16881689enk o 000 0 eng d |
| 035 |
|
|
|a (OCoLC)62369511
|
| 040 |
|
|
|a UMI
|c UMI
|e dcrb
|
| 037 |
|
|
|a CL0037000125
|b ProQuest Information and Learning. 300 N. Zeeb Rd., Ann Arbor, MI 48106
|
| 043 |
|
|
|a e-uk-en
|
| 090 |
|
|
|a PR501.A1
|b O5
|
| 049 |
|
|
|a UMIA
|
| 245 |
0 |
0 |
|a On the word abdicate.
|
| 260 |
|
|
|a [London :
|b publisher not identified,
|c 1688-1689]
|
| 300 |
|
|
|a 1 online resource (1 sheet ([1] pages).
|
| 336 |
|
|
|a text
|b txt
|2 rdacontent
|
| 337 |
|
|
|a computer
|b c
|2 rdamedia
|
| 338 |
|
|
|a online resource
|b cr
|2 rdacarrier
|
| 500 |
|
|
|a Caption title.
|
| 500 |
|
|
|a Place and date range of publication suggested by Wing (2nd edition).
|
| 500 |
|
|
|a In verse.
|
| 500 |
|
|
|a Reproduction of original in: British Library.
|
| 510 |
4 |
|
|a Wing (2nd edition)
|c O330
|
| 533 |
|
|
|a Electronic reproduction.
|b Ann Arbor, Mich. :
|c UMI,
|d 1999-
|f (Early English books online)
|n Digital version of: (Early English Books, 1641-1700 ; 2853:17)
|7 s1999 miun s
|
| 650 |
|
0 |
|a English poetry
|v Early works to 1800.
|
| 655 |
|
7 |
|a Broadsides
|z England
|y 17th century.
|2 rbgenr
|
| 830 |
|
0 |
|a Early English books online.
|
| 856 |
4 |
0 |
|u http://proxy.library.tamu.edu/login?url=https://search.proquest.com/docview/2248532772
|z Connect to the full text of this electronic book
|t 0
|
| 994 |
|
|
|a 02
|b UMI
|
| 999 |
f |
f |
|s aa6ab232-23f0-38dd-9da2-c09d8218070a
|i b2e7a70c-ae30-380d-b1d6-ece7b169c2ff
|t 0
|
| 952 |
f |
f |
|a Texas A&M University
|b College Station
|c Electronic Resources
|d Available Online
|t 0
|e PR501.A1 O5
|h Library of Congress classification
|
| 998 |
f |
f |
|a PR501.A1 O5
|t 0
|l Available Online
|